Quiz F1 Weltmeister mit Ferrari - Statistiken

Allgemein
  • Dieses Quiz wurde 64 mal gespielt
  • Das Durchschnittsergebnis liegt bei 6 aus 9
Antwortstatistiken
Jahr Antwort % Korrekt
2000–2004 Michael Schumacher
100%
2007 Kimi Räikkönen
91%
1975, 1977 Niki Lauda
86%
1952-1953 Alberto Ascari
74%
1956 Juan Manuel Fangio
74%
1961 Phil Hill
57%
1979 Jody Scheckter
52%
1958 Mike Hawthorn
40%
1964 John Surtees
38%
Keine übereinstimmenden Quizze gefunden
Verteilung der Resultate
Anzahl Personen mit jedem Resultat
Perzentil nach korrekt beantworteten Fragen
Ihre Resultats-Entwicklung
Sie haben dieses Quiz noch nicht gespielt